<?xml version='1.0' encoding='UTF-8'?>
  <record xmlns="http://www.loc.gov/MARC21/slim">
    <leader>00000cam a22000007i 4500</leader>
    <controlfield tag="001">on1431172997</controlfield>
    <controlfield tag="003">OCoLC</controlfield>
    <controlfield tag="005">20240525170534.3</controlfield>
    <controlfield tag="008">240425s1580    gw            000 0 lat d</controlfield>
    <datafield tag="040" ind1=" " ind2=" ">
      <subfield code="a">QGJ</subfield>
      <subfield code="b">eng</subfield>
      <subfield code="e">rda</subfield>
      <subfield code="e">dcrmr</subfield>
      <subfield code="c">QGJ</subfield>
      <subfield code="d">QGJ</subfield>
      <subfield code="d">OCLCO</subfield>
    </datafield>
    <datafield tag="035" ind1=" " ind2=" ">
      <subfield code="a">(OCoLC)1431172997</subfield>
    </datafield>
    <datafield tag="110" ind1="1" ind2=" ">
      <subfield code="a">Poland.</subfield>
      <subfield code="b">Sovereign (1575-1586 : Stefan Batory),</subfield>
      <subfield code="e">author.</subfield>
      <subfield code="4">aut</subfield>
    </datafield>
    <datafield tag="245" ind1="1" ind2="0">
      <subfield code="a">Edictum seren.mi Poloniae regis ad milites, ex quo causae suscepti in magnum Moscouiae Ducem belli cognoscuntur. :</subfield>
      <subfield code="b">Item Edictum eiusdem de supplicationibus ob captam Polociam habendis, cum Epistola, qua Ordines ad Comitia conuocantur, &amp; rerum post captam Polociam gestarum narratione. Hisce adiecta sunt quaedam de Magni Moscouiae Ducis genere, quod se nescio qua autoritate ab Augusto Caesare ducere iactitat.</subfield>
    </datafield>
    <datafield tag="246" ind1="3" ind2=" ">
      <subfield code="a">Edictvm seren.mi Poloniae regis ad milites, ex qvo cavsæ svscepti in magnvm Moscouiæ Ducem belli cognoscuntur</subfield>
    </datafield>
    <datafield tag="264" ind1=" " ind2="1">
      <subfield code="a">Coloniae :</subfield>
      <subfield code="b">Apud Maternum Cholinum.,</subfield>
      <subfield code="c">M.D.LXXX. [1580]</subfield>
    </datafield>
    <datafield tag="300" ind1=" " ind2=" ">
      <subfield code="a">27 unnumbered leaves ;</subfield>
      <subfield code="c">20 cm (4to)</subfield>
    </datafield>
    <datafield tag="336" ind1=" " ind2=" ">
      <subfield code="a">text</subfield>
      <subfield code="b">txt</subfield>
      <subfield code="2">rdacontent</subfield>
    </datafield>
    <datafield tag="337" ind1=" " ind2=" ">
      <subfield code="a">unmediated</subfield>
      <subfield code="b">n</subfield>
      <subfield code="2">rdamedia</subfield>
    </datafield>
    <datafield tag="338" ind1=" " ind2=" ">
      <subfield code="a">volume</subfield>
      <subfield code="b">nc</subfield>
      <subfield code="2">rdacarrier</subfield>
    </datafield>
    <datafield tag="340" ind1=" " ind2=" ">
      <subfield code="m">4to</subfield>
      <subfield code="2">rdabf</subfield>
    </datafield>
    <datafield tag="500" ind1=" " ind2=" ">
      <subfield code="a">Signatures: A-G⁴; (A4 missigned B4; G4 is blank)</subfield>
    </datafield>
    <datafield tag="500" ind1=" " ind2=" ">
      <subfield code="a">With decorated initials.</subfield>
    </datafield>
    <datafield tag="500" ind1=" " ind2=" ">
      <subfield code="a">Another edition from the same year has "Cum Gratia &amp; Priuilegio Cæs. Maiest." printed on title page (VD16 P 3943).</subfield>
    </datafield>
    <datafield tag="505" ind1="0" ind2="0">
      <subfield code="t">Edictum de supplicationibus ob captam Polociam habendis --</subfield>
      <subfield code="t">Epistola, qua ordines ad comitia convocantur --</subfield>
      <subfield code="t">Rerum post captam Polociam gestarum narratio --</subfield>
      <subfield code="t">Magni Moscoviae ducis genealogiae, ex ipsorum manuscriptis annalibus excerpta.</subfield>
    </datafield>
    <datafield tag="510" ind1="3" ind2=" ">
      <subfield code="a">Not in: Verzeichnis der im deutschen Sprachbereich erschienenen Drucke des 16. Jahrhunderts (VD 16)</subfield>
    </datafield>
    <datafield tag="510" ind1="4" ind2=" ">
      <subfield code="3">Edictum de supplicationibus ob captam Polociam habendis:</subfield>
      <subfield code="a">Verzeichnis der im deutschen Sprachbereich erschienenen Drucke des 16. Jahrhunderts (VD 16),</subfield>
      <subfield code="c">P 3945</subfield>
      <subfield code="u">https://gateway-bayern.de/VD16+P+3943</subfield>
    </datafield>
    <datafield tag="510" ind1="4" ind2=" ">
      <subfield code="3">Epistola, qua ordines ad comitia convocantur:</subfield>
      <subfield code="a">Verzeichnis der im deutschen Sprachbereich erschienenen Drucke des 16. Jahrhunderts (VD 16),</subfield>
      <subfield code="c">P 3948</subfield>
      <subfield code="u">https://gateway-bayern.de/VD16+P+3943</subfield>
    </datafield>
    <datafield tag="510" ind1="4" ind2=" ">
      <subfield code="3">Quaedam de magni Moscoviae ducis genere:</subfield>
      <subfield code="a">Verzeichnis der im deutschen Sprachbereich erschienenen Drucke des 16. Jahrhunderts (VD 16),</subfield>
      <subfield code="c">Q 14</subfield>
      <subfield code="u">https://gateway-bayern.de/VD16+P+3943</subfield>
    </datafield>
    <datafield tag="510" ind1="4" ind2=" ">
      <subfield code="3">Rerum post captam Polociam gestarum narratio:</subfield>
      <subfield code="a">Verzeichnis der im deutschen Sprachbereich erschienenen Drucke des 16. Jahrhunderts (VD 16),</subfield>
      <subfield code="c">R 1166</subfield>
      <subfield code="u">https://gateway-bayern.de/VD16+P+3943</subfield>
    </datafield>
    <datafield tag="510" ind1="4" ind2=" ">
      <subfield code="a">Adams, H.M. Catalogue of books printed on the continent of Europe, 1501-1600, in Cambridge libraries,</subfield>
      <subfield code="c">S 1834</subfield>
    </datafield>
    <datafield tag="651" ind1=" " ind2="0">
      <subfield code="a">Poland</subfield>
      <subfield code="x">Politics and government</subfield>
      <subfield code="y">16th century.</subfield>
    </datafield>
    <datafield tag="651" ind1=" " ind2="0">
      <subfield code="a">Polatsk (Belarus)</subfield>
      <subfield code="x">History</subfield>
      <subfield code="y">16th century.</subfield>
    </datafield>
    <datafield tag="651" ind1=" " ind2="6">
      <subfield code="a">Pologne</subfield>
      <subfield code="x">Politique et gouvernement</subfield>
      <subfield code="y">16e siècle.</subfield>
    </datafield>
    <datafield tag="655" ind1=" " ind2="7">
      <subfield code="a">Early works</subfield>
      <subfield code="2">fast</subfield>
    </datafield>
    <datafield tag="700" ind1="0" ind2="2">
      <subfield code="i">Container of (work):</subfield>
      <subfield code="a">Stefan Batory,</subfield>
      <subfield code="c">King of Poland,</subfield>
      <subfield code="d">1533-1586.</subfield>
      <subfield code="t">Edictum de supplicationibus ob captam Polociam habendis.</subfield>
    </datafield>
    <datafield tag="700" ind1="0" ind2="2">
      <subfield code="i">Container of (work):</subfield>
      <subfield code="a">Stefan Batory,</subfield>
      <subfield code="c">King of Poland,</subfield>
      <subfield code="d">1533-1586.</subfield>
      <subfield code="t">Epistola, qua ordines ad comitia convocantur.</subfield>
    </datafield>
    <datafield tag="700" ind1="1" ind2=" ">
      <subfield code="a">Cholinus, Maternus,</subfield>
      <subfield code="d">1525-1588,</subfield>
      <subfield code="e">printer.</subfield>
      <subfield code="4">prt</subfield>
      <subfield code="1">https://id.oclc.org/worldcat/entity/E39PBJmHGGKF7mPV3qxy44ryVC</subfield>
    </datafield>
    <datafield tag="740" ind1="0" ind2=" ">
      <subfield code="a">Rerum post captam Polociam gestarum narratio.</subfield>
    </datafield>
    <datafield tag="740" ind1="0" ind2=" ">
      <subfield code="a">Quaedam de magni Moscoviae ducis genere.</subfield>
    </datafield>
    <datafield tag="752" ind1=" " ind2=" ">
      <subfield code="a">Germany</subfield>
      <subfield code="d">Cologne,</subfield>
      <subfield code="e">publication place.</subfield>
      <subfield code="4">pup</subfield>
    </datafield>
    <datafield tag="758" ind1=" " ind2=" ">
      <subfield code="i">has work:</subfield>
      <subfield code="a">Edictum Seren.mi Poloniae regis ad milites, ex quo causæ suscepti in magnum Moscouiæ ducem belli cognoscuntur (Text)</subfield>
      <subfield code="1">https://id.oclc.org/worldcat/entity/E39PCGCtttBdB4MrwbfmrJCQD3</subfield>
      <subfield code="4">https://id.oclc.org/worldcat/ontology/hasWork</subfield>
    </datafield>
  </record>